000 01257nam a2200313 ia4500
003 OSt
005 20260414120144.0
008 260414s2025 nyua jrb 000 0 eng d
020 _a9780241742990
_cRM 98.90
_qhardback
040 _aPPAK
_beng
_cPPAK
_erda
082 0 4 _223
_a362.734
090 0 0 _a362.734
_bGUR
_dK
100 1 _aGurske, Leul,
_eauthor.
245 1 0 _aa kids book about Adoption /
_cby Leul Gurske & Nabil Zerizef.
246 3 0 _aAdoption
250 _aFirst American edition.
264 1 _aNew York :
_bDK Publishing,
_c[2025]
300 _a1 volume (unpaged) :
_bcolour illustrations ;
_c26 cm
336 _atext
_2rdacontent
337 _aunmediated
_2rdamedia
338 _avolume
_2rdacarrier
490 1 _aa kids book about
520 _a "Help your child to better understand the uniqueness and complexities of adoption. This is a kids' book about adoption. It dives into what makes each adoption story so unique and special - and breaks down some of the complexities that come with it.--
_cProvided by publisher.
650 1 0 _aAdoption
_vJuvenile literature
650 2 0 _aFamilies
_vJuvenile literature
700 1 _aZerizef, Nabil,
_eauthor.
830 0 _aa kids book about
942 _2ddc
_cB
999 _c203836
_d203836